Southville International School and Colleges
Your cart is empty.
  • Cart
  • Lists
    Public lists Eva Luna New books Lux_list list_1
    Your lists Log in to create your own lists
  • Log in to your account
  • Your cookies
  • Search history
Southville International School and Colleges
  • Advanced search
  • Recent comments
  • Most popular
  • Libraries

Log in to your account

Log in with GOOGLE


If you do not have an external account, but do have a local account, you can still log in:

  1. Home
  2. MARC view: Tom's midnight garden
Normal view MARC view ISBD view

Tom's midnight garden (Record no. 294942)

[ view plain ]
MARC details
000 -LEADER
fixed length control field 00642cam a22002291 4500
001 - CONTROL NUMBER
control field 9355967
003 - CONTROL NUMBER IDENTIFIER
control field SISC
005 - DATE AND TIME OF LATEST TRANSACTION
control field 20160606102924.0
008 - FIXED-LENGTH DATA ELEMENTS--GENERAL INFORMATION
fixed length control field 800125t19591958enka j 000 1 eng
010 ## - LIBRARY OF CONGRESS CONTROL NUMBER
LC control number 59016380
020 ## - INTERNATIONAL STANDARD BOOK NUMBER
International Standard Book Number 9780064404457
035 ## - SYSTEM CONTROL NUMBER
System control number (OCoLC)13537516
040 ## - CATALOGING SOURCE
Original cataloging agency DLC
Transcribing agency MB
Modifying agency DLC
042 ## - AUTHENTICATION CODE
Authentication code premarc
050 00 - LIBRARY OF CONGRESS CALL NUMBER
Classification number PZ 7 .P3145
Item number To2 1958
100 1# - MAIN ENTRY--PERSONAL NAME
Personal name Pearce, Philippa.
245 10 - TITLE STATEMENT
Title Tom's midnight garden
Statement of responsibility, etc Illustrated by Susan Einzig.
260 ## - PUBLICATION, DISTRIBUTION, ETC. (IMPRINT)
Place of publication, distribution, etc London,
Name of publisher, distributor, etc Oxford University Press
Date of publication, distribution, etc [1959, c1958]
300 ## - PHYSICAL DESCRIPTION
Extent 229 p.
Other physical details ill.
Dimensions 23 cm.
906 ## - LOCAL DATA ELEMENT F, LDF (RLIN)
a 7
b cbc
c oclcrpl
d u
e ncip
f 19
g y-gencatlg
942 ## - ADDED ENTRY ELEMENTS (KOHA)
Source of classification or shelving scheme Library of Congress Classification
Koha item type Books
Holdings
Withdrawn status Lost status Source of classification or shelving scheme Damaged status Home library Current library Shelving location Date acquired Source of acquisition Total Checkouts Total Renewals Full call number Barcode Date last seen Date checked out Price effective from Koha item type
    Library of Congress Classification   Luxembourg Library Luxembourg Library Fiction Section 05/24/2016 Library Fund 1 9 PZ 7 .P3145 To2 1958 20144 06/15/2017 03/17/2017 05/24/2016 Books

Tom's midnight garden

APA

Pearce P., . (19591958). Tom's midnight garden. London: Oxford University Press.

Chicago

Pearce Philippa, . 19591958. Tom's midnight garden. London: Oxford University Press.

Harvard

Pearce P., . (19591958). Tom's midnight garden. London: Oxford University Press.

MLA

Pearce Philippa, . Tom's midnight garden. London: Oxford University Press. 19591958.

  • Place hold
  • Print
  • Cite
  • Add to your cart (remove)
  • Save record
    BIBTEX Dublin Core MARCXML MARC (non-Unicode/MARC-8) MARC (Unicode/UTF-8) MARC (Unicode/UTF-8, Standard) MODS (XML) RIS
  • More searches
    Search for this title in:
    Other Libraries (WorldCat) Other Databases (Google Scholar) Online Stores (Bookfinder.com) Open Library (openlibrary.org)

Exporting to Dublin Core...

SOUTHVILLE LIBRARY

Southville International School and Colleges Library

1281 Tropical Ave. Cor. Luxembourg St., BF Homes International, Las Pinas City

Tel. No. 8256374 / 252358 Loc. 117/146

Powered by Koha